Zgadnij Piłkarza po Transferze - Statystyki

Ogólne statystyki
  • Ten quiz został rozwiązany 558 razy
  • Średni wynik to 4 z 10
Statystyki odpowiedzi
Kluby/koszt/sezon Nazwisko Piłkarza % Poprawnych
VFL Wolfsburg->Manchester City/76 mln/2015-16 De Bruyne
72%
RB Salzburg->Borussia Dortmund/20 mln/2019-20 Haaland
72%
Genoa->AC Milan/35 mln/2018/19 Piątek
63%
Borussia Dortmund->Manchester City/27 mln/2016-17 Gundogan
52%
Real Sociedad->Atletico Madryt/54 mln/2014-15 Griezmann
46%
Tottenham->Inter/27 mln/2019-20 Eriksen
41%
Girondins Bordeaux->FC Barcelona/41 mln/2018-19 Malcom
27%
Benfica->Atletico Madryt/16 mln/2014-15 Oblak
26%
VFL Wolfsburg->Inter/19 mln/2015-16 Perisic
26%
Olympique Marsylia->Chelsea/8,8 mln/2012-13 Azpilicueta
16%
Nie znaleziono quizów pasujących do podanych kryteriów
Rozkład punktacji
Procent ludzi z każdym wynikiem
Percentyl według liczby udzielonych odpowiedzi
Twoja historia wyników
Nie rozwiązałeś tego quizu